Sports Quiz

Random Sports or NFL Quiz

NFL Players of 2013 (Slideshow) Quiz Stats

Quiz not verified by Sporcle

Challenge
Share
Tweet
Score 0/32 Timer 06:00
0 Plays Today
% Correct
Tony Romo
92.3%
Robert Griffin III
90.1%
Adrian Peterson
89.5%
Clay Matthews III
87.2%
DeSean Jackson
85.3%
Sam Bradford
85.2%
Arian Foster
85%
Jamaal Charles
83.9%
Antonio Gates
83.8%
Roddy White
83%
Mario Williams
81.3%
Von Miller
80.6%
Jake Locker
80.2%
Santonio Holmes
79.5%
Michael Crabtree
79.2%
Haloti Ngata
78.7%
% Correct
Josh Freeman
78.2%
Trent Richardson
74.6%
Sebastian Janikowski
72.4%
Cameron Wake
71.4%
Robert Mathis
69.4%
Lance Briggs
63.5%
Ike Taylor
59.1%
Nate Burleson
54.2%
Logan Mankins
51.5%
Antrel Rolle
49.2%
Paul Posluszny
42.9%
Calais Campbell
41%
Ryan Kalil
40.9%
Will Smith
39.8%
Russell Okung
39.6%
Leon Hall
37%

You're not logged in!

Compare scores with friends on all Sporcle quizzes.
Sign Up with Email
OR
Log In

You Might Also Like...

Show Comments

Extras

Top Quizzes Today


Score Distribution

Your Account Isn't Verified!

In order to create a playlist on Sporcle, you need to verify the email address you used during registration. Go to your Sporcle Settings to finish the process.